| 000 | 01147nam a22002057a 4500 | ||
|---|---|---|---|
| 003 | OSt | ||
| 005 | 20251121152958.0 | ||
| 008 | 251121b |||||||| |||| 00| 0 eng d | ||
| 040 | _cDCL | ||
| 082 | _a၂၉၄.၃၈၂၃၅၃ | ||
| 130 |
_aတိပိဋက။ _pသုတ္တန္တပိဋက။ _pခုဒ္ဒကနိကာယ။ _tဇာတက၊ _lအဋ္ဌကထာ၊ _sနိဿယ။ |
||
| 245 |
_aဇာတ်အဋ္ဌကထာနိဿယ (မဟာနိပါတ်-တေ-ဇ-သု-နေ) / _cဘဒ္ဒန္တကေသရ။ |
||
| 250 | _aဒုတိယယအကြိမ်။ | ||
| 264 |
_aမန္တလေး ၊ _bနိုင်ငံတော်ပရိယတ္တိသာသနာ့တက္ကသိုလ်၊ _c၂၀၁၉။ _c၂၀၁၅။ |
||
| 300 |
_aကေ၊ ၃၇၇ စာမျက်နှာ ၊ _c၂၅ စင်တီ။ |
||
| 650 |
_aဇာတက _vအဋ္ဌကထာနိဿယ။ |
||
| 650 |
_aမဟာနိပါတ် _xအဋ္ဌကထာနိဿယ။ |
||
| 700 | _aကေသရ၊ ဘဒ္ဒန္တ | ||
| 942 |
_2ddc _cSHORT TERM _n0 |
||
| 999 |
_c2585 _d2585 |
||